Ładuje się......

Pennum Pranayavum

Opis bibliograficzny
1. autor: Tagore
Wydane: Mathrubhumi
LEADER 00177 a2200097 4500
020
260 |b Mathrubhumi 
942 |c BK  |6 _ 
245 |a Pennum Pranayavum 
100 |a Tagore 
999 |c 63602  |d 63602